000 00283 a2200097 4500
001 54801
100 _aICRC
245 _aRules of international humanitarian law and other rules relating to the conduct of hostilities
260 _aGeneva
_bICRC
_c2005
090 _c33993
_d33993
942 _aNUST-CAE
_cMONOGRAPH
_c26661
999 _c289874
_d289874